| 000 | 00565cab a2200205 4500 | ||
|---|---|---|---|
| 001 | WB2621-39 | ||
| 008 | 090401t1990 xxu||||| |||| 00| 0 eng d | ||
| 035 | _a(Sirsi) u66013 | ||
| 041 | _aeng | ||
| 245 | _aLondon Docklands | ||
| 260 | _c1990 | ||
| 350 | _a0 | ||
| 490 |
_aFinancial Times _v25/5/90 p39-41(3) LOAN |
||
| 520 | _aReview of current developments in London Docklands covering transport problems and residential property. | ||
| 650 | _aCANARY WHARF | ||
| 650 | _aISLE OF DOGS | ||
| 690 | _aSPECIAL REPORTS | ||
| 942 | _n0 | ||
| 948 | _c04/03/1997 | ||
| 999 |
_c41249 _d41249 |
||